Because of You - Kelly Clarkson (Missing Lyrics) - Statistics

General Stats
  • This quiz has been taken 343 times
  • The average score is 22 of 27
Answer Stats
Lyrics Mssing % Correct
Because of you / I never stray too ___ from the sidewalk far
95%
I will not make / the same mistakes that you ___ did
93%
Because of you / I learned to play on the ___ side so I don't get hurt safe
93%
Because of you / I find it hard to ___ not only me, but everyone around me trust
91%
Because of you I am ___ afraid
90%
I've learned the ___ way / to never let it get that far hard
89%
Because of you / I never ___ too far from the sidewalk stray
88%
I will not let myself / cause my ___ so much misery heart
87%
___ of you I am afraid Because
86%
Because of you / I find it hard to trust not only me, but ___ around me everyone
86%
Because of you / I learned to ___ on the safe side so I don't get hurt play
85%
I'm forced to fake / a ___, a laugh, every day of my life smile
84%
Because of you / I learned to play on the safe side so I don't get ___ hurt
83%
Because of you / I never stray too far from the ___ sidewalk
83%
Because ___ you I am afraid of
80%
I cannot ___ / because I know that's weakness in your eyes cry
77%
I lose my way / and it's not too ___ before you point it out long
76%
My heart can't possibly break / when it wasn't even ___ to start with whole
75%
Because of you / I don't know how to let anyone else ___ in
74%
And now I cry in the middle of the night / for the same damn ___ thing
74%
___ ___ ___ / ___ ___ ___ Because of you
73%
I will not ___ / the way you did, you fell so hard break
71%
I was so ___ / you should have known better than to lean on me young
71%
I watched you ___ / I heard you cry every night in your sleep die
67%
Because of you / I try my hardest just to ___ everything forget
67%
You never thought of anyone else / you just saw your ___ pain
62%
Because of you / I'm ashamed of my life because it's ___ empty
59%
No matching quizzes found
Score Distribution
Percent of People with Each Score
Percentile by Number Answered
Your Score History
You have not taken this quiz